00250nam a2200109Ia 4500008004100000041000800041082000800049100002100057245001800078260003500096300000900131230511s1960 xx 000 0 und d aeng a657 aPickles William  aAccountancy  aNew DelhibPitman Seriesc1960 a1419